000
00327nam a22001337a 4500
008
250303b |||||||| |||| 00| 0 eng d
020
_a
9783030273842
050
_a
QP187
_b
.I46
100
_a
Ilie Joana R
245
_a
Introduction to Endocrinology
260
_a
Switzerland
_b
Springer
_c
2020
300
_a
xvi,250p
942
_c
BK
999
_c
2049
_d
2049